Statistics for Science Fiction General Knowledge #1

Click here to take the quiz!

General Stats

  • This quiz has been taken 790 times
    (779 since last reset)
  • The average score is 8 of 20

Answer Stats

QuestionAnswer% Correct
Who provided the voice of Darth Vader in the "Star Wars" original trilogy?James Earl Jones
75%
Who created the "Star Trek" TV series?Gene Roddenberry
61%
What Ray Bradbury title is synonymous with the temperature at which paper burns?Fahrenheit 451
56%
What is the name of King Kong's homeland?Skull Island
52%
What pivotal object do we see at the end of "Inception"?A Top
48%
What singer played "The Man Who Fell to Earth"?David Bowie
45%
What is the name of the computer in "2001: A Space Odyssey"?HAL 9000
45%
What is the name of the planet in "Avatar"?Pandora
45%
Who wrote and directed the 1971 film "THX 1138"?George Lucas
43%
In what movie do Jaegers fight Kaiju?Pacific Rim
43%
Who is the author of the "Discworld" novels?Terry Pratchett
42%
What former Miss USA played the role of Wonder Woman?Lynda Carter
35%
What is the best selling 20th century sci-fi novel?Dune
34%
What is the model number of the classic "Terminator"?800
30%
What is the name of George Jetson's dog?Astro
29%
What is the real name of the X-Men's The Beast?Dr. Hank McCoy
25%
In the movie "Jurassic Park", which character says "Life finds a way"?Dr. Ian Malcolm
22%
In "Battlestar Galactica", what is the name of the other surviving battlestar?Pegasus
21%
What TV series was based on "Cyborg" by Martin Caiden?The Six Million Dollar Man
17%
Who is the female robopsychologist in Isaac Asimov's "Robot" series?Susan Calvin
6%

Score Distribution

Percentile by Number Answered

Percent of People with Each Score

Your Score History

You have not taken this quiz since the last reset